| 000 | 00841cab a2200265 4500 | ||
|---|---|---|---|
| 001 | WB3033-30 | ||
| 008 | 090401t1994 xxu||||| |||| 00| 0 eng d | ||
| 035 | _a(Sirsi) u41677 | ||
| 041 | _aeng | ||
| 245 | _aPink Book may affect unit trusts | ||
| 260 | _c1994 | ||
| 350 | _a0 | ||
| 490 |
_aProperty Week _v48(10) 8 September 1994, 12(1) |
||
| 520 | _aThe recommendation in the red and white book for the open market valuation of unit-linked assets of life assurance companies could lead to undervaluation, in a rising market, of unit trusts. | ||
| 650 | _aASSET VALUATION | ||
| 650 | _aBASIS OF VALUATION | ||
| 650 | _aOPEN MARKET VALUE | ||
| 650 | _aPINK BOOK | ||
| 650 | _aRED AND WHITE BOOK | ||
| 650 | _aUNDERVALUATION | ||
| 650 | _aUNIT TRUSTS | ||
| 690 | _aRATING AND VALUATION | ||
| 942 | _n0 | ||
| 948 | _c04/03/1997 | ||
| 999 |
_c26751 _d26751 |
||